Villarreal CF Squad 2022-2023 - Statistics

General Stats
  • This quiz has been taken 135 times
    69 since last reset
  • The average score is 20 of 28
Answer Stats
# Position Nation Player % Correct
8 DF Argentina Juan Foyth
93%
13 GK Argentina Gerónimo Rulli
89%
18 DF Spain Alberto Moreno
86%
10 MF Spain Dani Parejo
86%
7 FW Spain Gerard Moreno
86%
4 DF Spain Pau Torres
86%
3 DF Spain Raúl Albiol
82%
6 MF France Étienne Capoue
79%
19 MF France Francis Coquelin
79%
15 FW Senegal Nicolas Jackson
79%
1 GK Spain Pepe Reina
79%
11 FW Nigeria Samuel Chukwueze
79%
9 FW Netherlands Arnaut Danjuma
75%
17 MF Argentina Giovani Lo Celso
75%
23 DF Algeria Aïssa Mandi
71%
24 DF Spain Alfonso Pedraza
71%
- Coach Spain Unai Emery
71%
- Coach Spain Quique Setién
64%
21 FW Spain Yéremy Pino
64%
35 GK Denmark Filip Jörgensen
61%
14 MF Spain Manu Trigueros
61%
16 FW Spain Álex Baena
57%
12 DF Colombia Johan Mojica
57%
5 DF Spain Jorge Cuenca
54%
2 DF Spain Kiko Femenía
50%
39 MF Spain Ramón Terrats
46%
20 MF Spain Manu Morlanes
43%
22 FW Spain José Luis Morales
36%
No matching quizzes found
Score Distribution
Percent of People with Each Score
Percentile by Number Answered
Your Score History
You have not taken this quiz since the last reset